000 00336nam a2200133Ia 4500
005 20260328104326.0
008 260328s9999||||xx |||||||||||||| ||und||
100 _aMolina, Juan
245 0 _aLa Construcción de lo imposible /
_cJuan Molina
260 _bColihue
300 _a223 p.
650 _aDIBUJO ARQUITECTÓNICO
942 _cBK
999 _c11518
_d11518